Guess the Footballers by their Teams #8 - Statistics

General Stats
  • This quiz has been taken 341 times
  • The average score is 7 of 10
Answer Stats
Hint Answer % Correct
2012-. Boulogne, Caen, Leicester City, Chelsea, France. N'golo Kante
98%
2007-. Bayern Munich II, Bayern Munich, Bayer Leverkusen (loan), Real Madrid, Germany. Toni Kroos
95%
2010-. Ajax, Tottenham Hotspur, Inter Milan, Brentford, Denmark. Christian Eriksen
87%
1999-2017. Real Sociedad B, Real Sociedad, Eibar (loan), Liverpool, Real Madrid, Bayern Munich, Spain. Xabi Alonso
84%
2004-2018. New England Revolution, Fulham, Tottenham Hotspur, Seattle Sounders FC, USA. Clint Dempsey
71%
2006-. Corinthians, Shakhtar Donetsk, Anzhi Makhachkala, Chelsea, Arsenal, Corinthians, Brazil. Willian
70%
2002-2020. San Lorenzo, Espanyol, Manchester City, West Ham United, Argentina. Pablo Zabaleta
69%
1990-2008. Telstar, AZ Alkmaar, Neerlandia, Campomaiorense, Boavista, Leeds United, Atletico Madrid, Chelsea, Middlesbrough, Charlton Athletic, Cardiff City, Netherlands. Jimmy Floyd Hasselbaink
38%
2002-. York Region Shooters, Toronto Lynx, Oster, Helsingborg, Copenhagen, PSV, Besiktas, Canada. Atiba Hutchinson
30%
1996-2018. River Plate, Valencia, Zaragoza, Benfica, Johor Darul Ta'zim, River Plate, Estudiantes Rio Cuarto, Argentina. Pablo Aimar
20%
No matching quizzes found
Score Distribution
Percent of People with Each Score
Percentile by Number Answered
Your Score History
You have not taken this quiz